1430 1428 1579 1428 1529 1747 1852 1333 1539 1671 1002 1058 1953 1874 1342 1827 1639 1155 1692 1064 1651 1641 1580 1500 1284 1637 1975 1605 1629 1470 1028 1743 1552 1886 1482 1465 1762 1635 1079 1460 1306 1651 1791 1208 1734 1391 1975 1430 1032 1771 1265 1647 1341 1368 1417 1785 1924 1005 1690 1135 1892 1185 1660 1393 1931 1205 1399 1222 1134 1161 1418 1276 1380 1057 1495 1494 1719 1252 1294 1070 1809 1419 1128 1949 1232 1816 1055 1993 1373 1506 1242 1254 1679 1339 1151 1196 1685 1167 1258 BCNSPRNW ULIB Ver.6.0+V

เปลี่ยนเป็นภาษาไทย

Change to English
 แสดงรายละเอียดบรรณานุกรม
  กลับหน้าหลัก

Brief Record : Get Marc (ISO 2709) : E-mail record : QR code < ปิดหน้าต่าง
LEADER : 00000nam 2200000uu 4500
001    13399113497
003     ULIB
008    110627s2552||||th 000 0 tha d
020    9786110600804
090    นว.^bป523ฟ 2552
100 0  ปัญญ์ปรียา
245 00 ฟ้าพราวระยับ/^cปัญญ์ปรียา
250    พิมพ์ครั้งที่ 2
260    กรุงเทพฯ :^bแจ่มใส,^c2552
300    393 หน้า
710 1  แจ่มใส
945    ^p239^l0^i026534
995    ทศพร
999 ^a ใช้งานได้ทุกระบบ
รายการนี้ยังไม่มีแท็ก
คุณยังไม่ได้ล็อกอิน คุณสามารถมีกิจกรรมร่วมกับเว็บไซต์ได้ แต่ต้องล็อกอินก่อน ::
  ล็อกอิน

รายการสื่อสารสนเทศ

ลำดับที่ ประเภท เลขเรียก/บาร์โค้ด สถานที่ สถานะ
1. นวนิยาย
นวนิยาย
นว. ป523ฟ 2552 ฉ.1 
  Barcode: 026534
ห้องสมุดวิทยาเขตสวรรค์ประชารักษ์
►นวนิยาย
บนชั้น
  ขอยืม

รายการใกล้เคียง
    ผู้แต่ง [ปัญญ์ปรียา]

BibComment


ยังไม่เคยถูกคอมเมนท์

คอมเมนท์ทรัพยากรรายการนี้
  คอมเมนท์: ฟ้าพราวระยับ ปัญญ..


 Copyright 2026. Bcnsprnw @Library